Visualizzazione normale
Vista MARC
- Burnett Murray
di Personal Name
Records bibliografici associati: 1
001 - CONTROL NUMBER
- control field: 48976
003 - CONTROL NUMBER IDENTIFIER
- control field: IT-RoPau
005 - DATE AND TIME OF LATEST TRANSACTION
- control field: 20151201220626.0
008 - FIXED-LENGTH DATA ELEMENTS
- fixed length control field: 151201|| aca||aabn | a|a d
040 ## - CATALOGING SOURCE
- Original cataloging agency: IT-RoPau
- Transcribing agency: IT-RoPau
100 ## - HEADING--PERSONAL NAME
- Personal name: Burnett Murray
- Relator term: (soggetto)
- Miscellaneous information: Codice Soggetto 2° SPICS: 57850
670 ## - SOURCE DATA FOUND
- Source citation: Work cat.: (IT-RoPau)106828: Curtiz Michael Codice regista SPICS: 7648 48972, CASABLANCA CASABLANCA (Rif. Codice opera principale : H4815)